Historia (Record no. 12810)

MARC details
000 -LEADER
fixed length control field 00546nasaa2200205 4500
008 - FIXED-LENGTH DATA ELEMENTS--GENERAL INFORMATION
fixed length control field b xx# fre u
022 ## - INTERNATIONAL STANDARD SERIAL NUMBER
International Standard Serial Number 0018-2281
040 ## - CATALOGING SOURCE
Original cataloging agency LB-BrCRDP
082 ## - DEWEY DECIMAL CLASSIFICATION NUMBER
Classification number 905/H673
130 1# - MAIN ENTRY--UNIFORM TITLE
Language of a work FR
245 10 - TITLE STATEMENT
Title Historia
260 ## - PUBLICATION, DISTRIBUTION, ETC.
Place of publication, distribution, etc. Paris
Name of publisher, distributor, etc. Editions Tallandier
Date of publication, distribution, etc. 1998-
300 ## - PHYSICAL DESCRIPTION
Other physical details Photos et tabl. en coul. ;
Dimensions 28cm
500 ## - GENERAL NOTE
General note Mensuel
500 ## - GENERAL NOTE
General note 12 numéros par an
500 ## - GENERAL NOTE
General note 1er numéro reçu 613 (Janvier 1998)
650 ## - SUBJECT ADDED ENTRY--TOPICAL TERM
Topical term or geographic name entry element Histoire
General subdivision Périodiques
942 ## - ADDED ENTRY ELEMENTS (KOHA)
Koha item type

No items available.